Sports Quiz

Random Sports or NBA Quiz

NBA 2019 Chain Quiz Stats

 Plays Quiz not verified by Sporcle

Score 0/40 Timer 10:00
396 Plays Today
% Correct
???
100%
???
95.9%
???
82.5%
???
80.8%
???
67%
???
66.8%
???
60.7%
???
59.6%
???
45.9%
???
43.3%
???
42%
???
34.4%
???
32.4%
???
30.9%
???
30.7%
???
30.5%
???
30.1%
???
29.9%
???
29.8%
???
27.7%
% Correct
???
27.6%
???
25.7%
???
24.3%
???
19.8%
???
19.2%
???
18.2%
???
17.6%
???
17.4%
???
16.1%
???
15.3%
???
15%
???
11.8%
???
9.2%
???
9.1%
???
9.1%
???
8.7%
???
8.6%
???
8.5%
???
8.5%
???
8.5%

You're not logged in!

Compare scores with friends on all Sporcle quizzes.
OR
Log In

Show Comments

Extras

Created May 2, 2019ReportNominate
Tags:Clickable Quiz, NBA Quiz, 2019

Top Quizzes Today


Score Distribution

Your Account Isn't Verified!

In order to create a playlist on Sporcle, you need to verify the email address you used during registration. Go to your Sporcle Settings to finish the process.

Report this User

Report this user for behavior that violates our Community Guidelines.

Details: